00331nam a2200121Ia 4500008004100000041000800041082001200049100001900061245004500080260004200125300003300167365000900200240624s9999 xx 000 0 und d aeng a332 CAL aCALVERLEY JOHN aINVESTOR S GUIDE TO ECONOMIC FUNDAMENTAL c2003aNew JerseybJohn Wiley and Sons axviii, : 242 : p. : cm. ; 25 cb30